Mai parlato così tanto di famiglia... (Record n. 217420)

Dettagli MARC
000 -LEADER
campo di controllo lung. fissa 01475nam a2200229Ia 4500
001 - Numero di controllo
campo di controllo a1779-44143
003 - Identificatore del numero di controllo
campo di controllo IT-MiCISF
005 - Data e orario dell'ultima transazione
campo di controllo 20251024161116.0
008 - Elementi di lunghezza fissa--Informazione generale
campo di controllo lung. fissa 161014s9999||||xx |||||||||||||| ||und||
040 ## - Fonte della catalogazione
Agenzia catalografica originale IT-MiCISF
Agenzia che fa la trascrizione IT-MiCISF
041 ## - Codice di lingua
Codice di lingua del testo/traccia sonora o titolo separato it
100 ## - Accesso principale -- nome di persona
Nome di persona Belletti Francesco
9 (RLIN) 56063
245 #0 - Formulazione del titolo
Titolo Mai parlato così tanto di famiglia...
Complemento del titolo Tra Dico e Family Day
260 ## - Pubblicazione, distribuzione, ecc. (stampa)
Luogo di pubblicazione, distribuzione, ecc. Milano,
Nome dell'editore, distributore, ecc. Paoline,
Data di pubblicazione, distribuzione, ecc. 2007
300 ## - Descrizione fisica
Estensione pp. 165
500 ## - Nota generale
Nota generale / funzione-famiglia, educazione-familiare, coppia, vita-familiare, diritti-famiglia /
520 ## - Riassunto, ecc.
Nota di riassunto, ecc. L'autore, sociologo, direttore del CISF (Centro Internazionale Studi Famiglia), in questo agile volumetto riflette sulle radici del familiare, individuando quattro caratteri specifici del fare famiglia, quattro qualità del familiare: la famiglia è il luogo nel quale si riconoscono le differenze; è un luogo socialmente rilevante; vive di reciprocità e gratuità; è ambito educativo primario e insopprimibile. A partire da questi quattro paletti la riflessione si allarga ad altri ambiti, alcuni molto discussi recentemente (es. il tema famiglia e diritto), altri più tradizionalmente legati al lessico familiare - cura, perdono, fedeltà, legame, buone maniere. Non mancano riflessioni sui rapporti tra la famiglia e i servizi sociali, la famiglia e i media, la famiglia e le agenzie educative, la famiglia e le altre famiglie.
650 ## - Accesso aggiunto di soggetto--termine topico
Termine topico o nome geografico come accesso Famiglia
654 ## - Accesso aggiunto di soggetto--termini topici faccettati
Termine principale saggio
942 ## - Dati aggiuntivi (Koha)
Tipo copia default (Koha) LIBRO
Fonte della classificazione o dello schema di collocazione (segnatura) Dewey Decimal Classification
999 ## - Sys Number locale (Koha)
Koha Dewey Subclass [OBSOLETE] si
Dati di copia
Ritirato (status) Perso (status) Danneggiato (status) Non per il presito Biblioteca proprietaria Biblioteca in cui si trova Data d'acquisizione Totale prestiti Collocazione Data ultima operazione Prezzo in vigore dal Tipo copia default (Koha) Nota pubblica
    Buone Condizioni Not For Loan CISF - Milano CISF - Milano 14/10/2016   a1779-44143 14/10/2016 14/10/2016 LIBRO Data import 15.10.2016 / by Epidotti, Vaglietti
CREDITS: SOCIETA' SAN PAOLO Via A.Severo, 58 - ROMA (RM) & PERIODICI SAN PAOLO SRL Via Giotto, 36 MILANO & CISF Via Giotto, 36 MILANO & EDIZIONI SAN PAOLO SRL,  Piazza Soncino, 5 CINISELLO BALSAMO (MI) -- ITALY